AS Communication studies : (Record no. 1661)
[ view plain ]
| 000 -LEADER | |
|---|---|
| fixed length control field | 00805nam a22002412 4500 |
| 001 - CONTROL NUMBER | |
| control field | 0000021082 |
| 005 - DATE AND TIME OF LATEST TRANSACTION | |
| control field | 20151021152606.0 |
| 008 - FIXED-LENGTH DATA ELEMENTS--GENERAL INFORMATION | |
| fixed length control field | 120111s xx 000 0 eng d |
| 020 ## - INTERNATIONAL STANDARD BOOK NUMBER | |
| International Standard Book Number | 0415247527 : |
| 040 ## - CATALOGING SOURCE | |
| Original cataloging agency | KABU |
| Transcribing agency | KABU |
| 100 1# - MAIN ENTRY--PERSONAL NAME | |
| Personal name | Beck, Andrew. |
| -- | 0000181760 |
| 245 10 - TITLE STATEMENT | |
| Title | AS Communication studies : |
| Remainder of title | the essential introduction / |
| Statement of responsibility, etc. | Andrew Beck, Peter Bennett and Peter Wall. |
| 250 ## - EDITION STATEMENT | |
| Edition statement | 1st ed. |
| 260 ## - PUBLICATION, DISTRIBUTION, ETC. (IMPRINT) | |
| Place of publication, distribution, etc. | London : |
| Name of publisher, distributor, etc. | Routledge, |
| Date of publication, distribution, etc. | 2002. |
| 300 ## - PHYSICAL DESCRIPTION | |
| Extent | ix, 261 p. |
| 650 #0 - SUBJECT ADDED ENTRY--TOPICAL TERM | |
| Topical term or geographic name as entry element | Communication. |
| -- | 0000151592 |
| 700 1# - ADDED ENTRY--PERSONAL NAME | |
| Personal name | Bennett, Peter. |
| -- | 0000181761 |
| 700 1# - ADDED ENTRY--PERSONAL NAME | |
| Personal name | Wall, Peter. |
| -- | 0000181762 |
| 852 1# - LOCATION | |
| -- | p2180 KES |
| 852 1# - LOCATION | |
| -- | p2180 KES |
| 908 ## - PUT COMMAND PARAMETER (RLIN) | |
| Put command parameter | 120111 |
| 950 ## - LOCAL HOLDINGS (RLIN) | |
| -- | 1 |
| Withdrawn status | Lost status | Source of classification or shelving scheme | Not for loan | Home library | Current library | Date acquired | Total Checkouts | Full call number | Barcode | Date last seen | Date last checked out | Copy number | Price effective from | Koha item type | Damaged status | Total Renewals |
|---|---|---|---|---|---|---|---|---|---|---|---|---|---|---|---|---|
| Lost | Library of Congress Classification | Kabarak, Main Campus | Kabarak, Main Campus | 21/10/2015 | 1 | P90 .B43 2002 c. 1 | 20380 | 19/11/2018 | 19/11/2018 | c1 | 21/10/2015 | General Collection | 1 | |||
| Library of Congress Classification | Kabarak, Nakuru City Campus | Kabarak, Nakuru City Campus | 21/10/2015 | 3 | P90 .B43 2002 c. 1 | 20377 | 10/03/2022 | 08/03/2022 | c.1 | 21/10/2015 | General Collection |